00495nam a2200169Ia 4500008004100000020001300041040001900054041001200073082002500085100001900110245004800129260004000177300002300217440005400240650001300294850001800307131103s9999 xx 000 0 und d cRs.32.00 aLoreto College aEnglish a004/SHAbLCBED/13176 aSharma, Sadhna aLearning computersb book 3 cSadhna Sharma aMumbaibJeevandeep Prakashanc[19?] a68pb ill.c 23cm. aA graded series of computer education for schools aComputer aLCBED/004/SHA